000 002910000a22001450004500
005 20120302062323.0
942 _cBOOK
100 _a Grey,Muriel
245 _a Dreams
260 _aLondon:Pan Books,1964.
300 _a204p.
040 _aENG
650 _aPsychology
650 _aDreams
999 _c356382
_d356379